000 00624nam a2200229Ia 4500
003 OSt
005 20221007064829.0
006 a|||||r|||| 00| 0
007 ta
008 221006b |||||||| |||| 00| 0 eng d
024 _a18,020
037 _cTextual
040 _aFLL
_cFLL
_beng
041 _2eng
_aeng
082 _aY58:(Z2), M8
100 _aSubhash Manju Au.
_9686345
245 0 _aRights of religious minorities in India
260 _aDelhi
_bNational Organisation India
_c1988
300 _a297p
_ccm.
942 _hY58:(Z2), M8
_cTEXL
_2CC
999 _c1135486
_d1135486